| 000 | 00746cab a2200241 4500 | ||
|---|---|---|---|
| 001 | ABS56930 | ||
| 008 | 090401t1997 xxu||||| |||| 00| 0 eng d | ||
| 035 | _a(Sirsi) u78099 | ||
| 041 | _aeng | ||
| 100 | _aSlavid, R. | ||
| 245 | _aGoing green on brownfield sites | ||
| 260 | _c1997 | ||
| 350 | _a0 | ||
| 490 |
_aArchitects` Journal _v205(16) 24 April 1997, 26-27(2) |
||
| 520 | _aLooks at architect Bill Dunster`s urban model of sustainability. He proposes total self-sufficiency for Britain`s population, entirely on brownfield land. | ||
| 650 | _aBROWNFIELD LAND | ||
| 650 | _aSELF-SUFFICIENCY | ||
| 650 |
_aSustainability _96271 |
||
| 650 | _aURBAN REGENERATION | ||
| 690 | _aURBAN RENEWAL | ||
| 942 | _n0 | ||
| 948 | _c01/05/1997 | ||
| 999 |
_c49140 _d49140 |
||